|
|
|
|
| LEADER |
00000naa2a2200000 4500 |
| 001 |
382933 |
| 005 |
20231101063039.0 |
| 035 |
|
|
|a (RuTPU)RU\TPU\prd\7707
|
| 090 |
|
|
|a 382933
|
| 100 |
|
|
|a 20021023a2002 k y0rusy50 ca
|
| 101 |
0 |
|
|a rus
|
| 102 |
|
|
|a RU
|
| 200 |
1 |
|
|a 2001 год - поворот судьбы?
|f Пер. Ю. В. Сивинцев
|
| 225 |
1 |
|
|a Переводы
|
| 461 |
|
1 |
|0 (RuTPU)RU\TPU\prd\1300
|x 0320-9326
|t Атомная техника за рубежом
|o ежемесячный научно-технический журнал
|f Министерство РФ по атомной энергии
|d 2002-
|
| 463 |
|
1 |
|0 (RuTPU)RU\TPU\prd\1300
|x 0320-9326
|t Атомная техника за рубежом
|o научно-технический журнал
|f Росатом; Государственная корпорация по атомной энергии; Ядерное общество России (ЯОР)
|d 1957-
|
| 610 |
1 |
|
|a ядерная энергетика
|
| 610 |
1 |
|
|a строительство новых АЭС
|
| 610 |
1 |
|
|a опасность терроризма
|
| 610 |
1 |
|
|a ядерные объекты
|
| 610 |
1 |
|
|a вывод из эксплуатации
|
| 675 |
|
|
|a 621.039.003:621.039.009
|v 3
|
| 702 |
|
1 |
|a Сивинцев
|b Ю. В.
|4 730
|
| 801 |
|
1 |
|a RU
|b 63413507
|c 20021023
|g PSBO
|
| 801 |
|
2 |
|a RU
|b 63413507
|c 20120419
|g RCR
|
| 942 |
|
|
|c BK
|